zpět

Detail výsledku týmu

Přátelé / Ostrava, Ostrava

Datum a čas kvízu

23.5 Celkem bodů Celkový počet nahraných bodů na tomto kvízu bez doplňovacích otázek.
3. Pořadí na kvízu Konečné umístění týmu na tomto kvízu.

Zaznamenané odpovědi

# Otázka Odpověď Body Výsledky
1. O tom, že Tomáš Tuhý míří do B... 0
2. Maďarského premiéra Viktora Or... 1
3. Nehmotné dědictví UNESCO bylo... 1
4. Americký provozovatel celosvět... 0
5. Nejdříve David Limberský, poté... 0
6. Čertů se v kultuře, zeměpisnýc... 1
7. Roli čerta v pohádce Čert ví p... 1
8. Tenkrát bylo veselo a dost mál... 0
9. Jak se jmenuje osada, nacházej... 0
10. "U nás ochutnat znamená ___!"... 1